Staré noviny literního umění

Bibliographic Details
Main Author: Kraus, Cyril, 1928-2012 (Author)
Format: Article
Language:Slovak
PhysicalDescription:Obr.
Subjects:

MARC

LEADER 00000naa a2200000 ar4500
001 vtls009360267
003 SK-MaSNL
005 20260302100217.0
008 081112c1984 xo |r|p|||||||000 b|slo
015 |a SNBRA2008/11  |2 snkbucl 
038 |a SNKBUCL 
040 |a SNKBUCL  |b slo  |c SNKBUCL  |e AACR2 
041 0 |a slo 
044 |a xo  |c SK 
080 |a 82:070  |x "1785/1786"  |2 2001 
080 |a 070.488  |x "1785/1786"  |2 2001 
100 1 |a Kraus, Cyril,  |d 1928-2012  |4 aut  |9 14532 
245 1 0 |a Staré noviny literního umění  |c Cyril Kraus 
300 |b Obr. 
630 0 7 |a Staré noviny literního umění  |2 snkbucl  |9 97229 
648 7 |a 1785-1786  |2 snkbucl  |9 609139 
655 7 |a slovníkové heslá  |2 snkbucl  |9 770264 
752 |a SNK  |b KIS3GCP 
773 0 |t Encyklopédia slovenských spisovateľov. 2. zväzok  |d Bratislava : Obzor, 1984  |g S. 466-467 
958 |a LX 
958 |a SK 
958 |a PBCK2008 
958 |a BX 
999 |c 1219616  |d 1221546